000 00492nam a22001817a 4500
005 20230403154248.0
008 230401b |||||||| |||| 00| 0 eng d
020 _a978-935464-229-6
041 _aeng
082 _a541 SIL-S
100 _aSILVERSTEIN ,ROBERT.,WEBSTER, FRANCIS X. AND OTHERS
_97714
245 _aSPECTOROMETRIC IDENTIFICATION OF ORGANIC COMPOUNDS
250 _a8th ed.
260 _bWILEY
_c2022
300 _a509;P.
650 _aPHARMACY
_xB.PHARMA
_97715
942 _cBK
999 _c8273
_d8271